000 00415nam a2200157 i 4500
001 64642
003 ES-MaACL
005 20230906165158.0
007 t|
008 031230s1954 xxk ||||1| eng d
100 1 _aForester, Cecil Scott.
_951731
245 1 4 _aThe nightmare /
_cC.S. Forester.
260 _aLondon :
_bPan Books Ltd,
_c[1954]
300 _a191 p. ;
_c18 cm.
852 _aES-MaACL
_jC-21220
_bR.47726
999 _c64642
_d64642